Pattern Recognition (Record no. 53206)

MARC details
000 -LEADER
fixed length control field 00643nam a2200169 a 4500
008 - FIXED-LENGTH DATA ELEMENTS--GENERAL INFORMATION
fixed length control field 170113s2009 ||||||||||||||||| || u
020 ## - INTERNATIONAL STANDARD BOOK NUMBER
International Standard Book Number 9781597492720
050 ## - LIBRARY OF CONGRESS CALL NUMBER
Classification number TK 7882.P3 Ser
100 ## - MAIN ENTRY--PERSONAL NAME
Personal name Theodoridis, Sergios
245 10 - TITLE STATEMENT
Title Pattern Recognition
Statement of responsibility, etc. By Sergios Theodoridis [and] Konstantinos Koutroumbas
250 ## - EDITION STATEMENT
Edition statement 4th ed.
260 ## - PUBLICATION, DISTRIBUTION, ETC.
Place of publication, distribution, etc. Amsterdam:
Name of publisher, distributor, etc. Academic Press
Date of publication, distribution, etc. 2009
300 ## - PHYSICAL DESCRIPTION
Extent xvii, 961p.: ill.
350 ## - PRICE (NR) (BK AM CF MU VM SE) [OBSOLETE]
Price 109.00
650 ## - SUBJECT ADDED ENTRY--TOPICAL TERM
Topical term or geographic name entry element PATTERN RECOGNITION SYSTEMS
995 ## - RECOMMENDATION 995 [LOCAL, UNIMARC FRANCE]
-- CBU-MAIN LIBRARY (Kitwe)
-- 109.00
-- 1
-- AVAILABLE
-- Jan 19, 2018
-- Main Library Open Access Collection
Holdings
Withdrawn status Lost status Source of classification or shelving scheme Damaged status Not for loan Home library Current library Shelving location Date acquired Total Checkouts Full call number Barcode Date last seen Price effective from Koha item type
          CBU-MAIN LIBRARY, KITWE. CBU-MAIN LIBRARY, KITWE.   11/30/2022   TK 7882.P3 Ser 747483 11/30/2022 11/30/2022 MONOGRAPH